| 000 | 00919nam a22002417a 4500 | ||
|---|---|---|---|
| 999 |
_c20942 _d20942 |
||
| 003 | AR-CdUCM | ||
| 008 | 190408b ||||| |||| 00| 0 spa d | ||
| 040 |
_aMUNICIPALIDAD PROVINCIAL DEL CUSCO _cBIBLIOTECA MUNICIPAL DEL CUSCO |
||
| 082 |
_aEP / 376.16 / _bR56 |
||
| 110 |
_aProyecto gestión integrada de los recursos hídricos _943694 |
||
| 245 | _a¿Con cuánto riesgo quieres vivir? / | ||
| 260 |
_aCusco : _bGuaman Poma de Ayala, _c2008. |
||
| 300 |
_a43 páginas ; _bIlustraciones, _c22 cm. |
||
| 440 |
_aInstituto geológico minero y metalúrgico _943695 |
||
| 505 | _aContenido : Convivir con los peligros -- Nuestro mapa de peligros -- Inundaciones -- Deslizamientos -- Huaycos... | ||
| 650 |
_aTipos de peligros _943696 |
||
| 650 |
_aNaturales _940031 |
||
| 650 |
_aTecnológicos _943697 |
||
| 650 |
_aPrevención _99797 |
||
| 650 |
_aEducación primaria _91561 |
||
| 942 |
_2ddc _cLIBROS |
||
| 945 | _arcc | ||